Discurso leído en la solemne inauguración del curso académico de 1922 a 1923 en la Universidad Literaria de Santiago de Compostela / (Record no. 122503)

MARC details
000 -LEADER
campo de control de longitud fija 00556nam a2200157 4500
001 - NÚMERO DE CONTROL
campo de control 122503
003 - IDENTIFICADOR DE NÚMERO DE CONTROL
campo de control ES-MaACL
005 - FECHA Y HORA DE LA ÚLTIMA TRANSACCIÓN
campo de control 20230906192005.0
007 - CAMPO FIJO DE DESCRIPCIÓN FÍSICA--INFORMACIÓN GENERAL
campo de control de longitud fija t|
008 - DATOS DE LONGITUD FIJA--INFORMACIÓN GENERAL
campo de control de longitud fija 070214q1922 sp r ||||1| spa d
100 1# - ENTRADA PRINCIPAL--NOMBRE DE PERSONA
Nombre de persona Puente Sánchez, Carlos.
9 (RLIN) 94163
245 10 - MENCIÓN DEL TÍTULO
Título Discurso leído en la solemne inauguración del curso académico de 1922 a 1923 en la Universidad Literaria de Santiago de Compostela /
Mención de responsabilidad, etc. Carlos Puente Sánchez.
260 ## - PUBLICACIÓN, DISTRIBUCIÓN, ETC.
Lugar de publicación, distribución, etc. [Santiago de Compostela? :
Nombre del editor, distribuidor, etc. Universidad?,
Fecha de publicación, distribución, etc. 1922?]
300 ## - DESCRIPCIÓN FÍSICA
Extensión 43 p. ;
Dimensiones 30 cm.
852 ## - LOCALIZACIÓN
Ubicación ES-MaACL
Número de control de estantería 1639-F-6
Holdings
Estatus retirado Estado de pérdida Estado de daño No para préstamo Colección Biblioteca de origen Biblioteca actual Ubicación en estantería Fecha de adquisición Fuente de adquisición Total de préstamos Signatura topográfica completa Código de barras Visto por última vez Precio de reemplazo Tipo de ítem Koha
        Colección de folletos Biblioteca del Ateneo de Madrid Biblioteca del Ateneo de Madrid Depósito folletos 17/01/2008     1639-F-6 1127653 23/02/2023 23/02/2023 Folleto